000 00231nam a2200097Ia 4500
008 230915s9999 xx 000 0 und d
050 _aPL 8704 .K5235 M314 2001
100 _aMBERIA,KITHAKA
245 0 _aKIFO KISIMANI
942 _cBK
999 _c176304
_d176304